000
00320nam a2200157Ia 4500
100
_a
Siyan/ Karanjit/ Weaver/James L
250
_a
I
942
_c
BK
654
_a
Inside java
245
_a
Inside Java
260
_b
New Riders
_c
1997
082
_a
5.133
_b
SIY
300
_a
912
546
_a
ENGLISH
999
_c
35174
_d
35174